[Event "Klaipeda-ch sf"]
[Site "Klaipeda"]
[Date "2017.10.22"]
[Round "8"]
[White "Pakalniskis, Romas"]
[Black "Beliajeva, Olga"]
[Result "0-1"]
[WhiteElo "1771"]
[BlackElo "1943"]
[PlyCount "54"]
[EventDate "2017.09.17"]
[EventType "swiss"]
[EventRounds "9"]
[EventCountry "LTU"]
[SourceTitle "EXT 2019"]
[Source "ChessBase"]
[SourceDate "2018.10.10"]
[SourceVersion "1"]
[SourceVersionDate "2018.10.10"]
[SourceQuality "1"]

1. d4 d5 2. Nf3 Nf6 3. g3 g6 4. Bg2 Bg7 5. 0-0 0-0 6. c4 dxc4 7. Nc3 c6 8. Ne5 Be6 9. e4 Nbd7 10. Qe2 Nxe5 11. dxe5 Nd7 12. f4 Nc5 13. f5 gxf5 14. exf5 Bd5 15. Nxd5 cxd5 16. f6 exf6 17. exf6 Bxf6 18. Qf2 Be7 19. Bh6 Nd3 20. Qd2 Qb6+ 21. Kh1 Rfd8 22. Bg5 Bxg5 23. Qxg5+ Qg6 24. Qe7 b6 25. Rf6 Qg7 26. Raf1 Re8 27. Bxd5 Rxe7 0-1

[Event "Klaipeda-ch sf"]
[Site "Klaipeda"]
[Date "2017.10.01"]
[Round "4"]
[White "Buivydas, Skirmantas"]
[Black "Beliajeva, Olga"]
[Result "1-0"]
[WhiteElo "1795"]
[BlackElo "1943"]
[PlyCount "29"]
[EventDate "2017.09.17"]
[EventType "swiss"]
[EventRounds "9"]
[EventCountry "LTU"]
[SourceTitle "EXT 2019"]
[Source "ChessBase"]
[SourceDate "2018.10.10"]
[SourceVersion "1"]
[SourceVersionDate "2018.10.10"]
[SourceQuality "1"]

1. d4 d5 2. Bf4 Nf6 3. e3 Bg4 4. Nf3 e6 5. c3 Bd6 6. Bg3 Ne4 7. Bd3 Nxg3 8. hxg3 h6 9. Qc2 Nd7 10. Nh2 Bh5 11. f4 Nf6 12. Nd2 Ng4 13. Qd1 Ne5 14. Bb5+ c6 15. Qxh5 1-0

[Event "Klaipeda New Year"]
[Site "Klaipeda"]
[Date "2016.12.29"]
[Round "4.1"]
[White "Beliajeva, Olga"]
[Black "Luksas, Jonas"]
[Result "1-0"]
[WhiteElo "1944"]
[BlackElo "1689"]
[PlyCount "63"]
[EventDate "2016.12.26"]
[EventType "swiss"]
[EventRounds "5"]
[EventCountry "LTU"]
[SourceTitle "EXT 2024"]
[Source "ChessBase"]
[SourceDate "2023.10.10"]
[SourceVersion "1"]
[SourceVersionDate "2023.10.10"]
[SourceQuality "1"]

1. e4 e5 2. Nf3 Nc6 3. d4 exd4 4. Nxd4 Nge7 5. Be3 d6 6. Bc4 Ne5 7. Bb3 N7c6 8. Nc3 Be7 9. Qd2 Na5 10. Nd5 Nxb3 11. axb3 a6 12. Nb5 0-0 13. Nbxc7 Be6 14. Nxa8 Bxd5 15. Qxd5 Qxa8 16. 0-0 Qc8 17. c3 Kh8 18. Bf4 f6 19. Rfd1 b6 20. Bxe5 fxe5 21. Rd3 a5 22. Rf3 Rxf3 23. gxf3 h5 24. Qf7 Qd7 25. Qxh5+ Kg8 26. Qg4 Qd8 27. b4 Qc7 28. bxa5 bxa5 29. Ra4 Kf7 30. Qh5+ g6 31. Qh7+ Kf6 32. Qg8 1-0

[Event "Klaipeda New Year"]
[Site "Klaipeda"]
[Date "2016.12.28"]
[Round "3.2"]
[White "Jankus, Giedrius"]
[Black "Beliajeva, Olga"]
[Result "0-1"]
[WhiteElo "1791"]
[BlackElo "1944"]
[PlyCount "58"]
[EventDate "2016.12.26"]
[EventType "swiss"]
[EventRounds "5"]
[EventCountry "LTU"]
[SourceTitle "EXT 2024"]
[Source "ChessBase"]
[SourceDate "2023.10.10"]
[SourceVersion "1"]
[SourceVersionDate "2023.10.10"]
[SourceQuality "1"]

1. Nf3 d5 2. d4 Nf6 3. Bf4 Bf5 4. e3 e6 5. Nbd2 Be7 6. h3 h6 7. Ne5 0-0 8. Ndf3 c5 9. Bd3 Ne4 10. c3 c4 11. Bc2 f6 12. Ng4 Nc6 13. Nh4 Bh7 14. f3 f5 15. fxe4 fxg4 16. g3 Bxh4 17. gxh4 Qxh4+ 18. Kd2 gxh3 19. Qg1 dxe4 20. Re1 Bf5 21. Re2 Qf6 22. Rf2 b5 23. Bd1 e5 24. Bh2 exd4 25. exd4 b4 26. Bg4 bxc3+ 27. bxc3 Qg5+ 28. Rf4 Bxg4 29. Qxg4 Rxf4 0-1

[Event "Klaipeda-ch"]
[Site "Klaipeda"]
[Date "2016.03.13"]
[Round "11.5"]
[White "Barsciauskas, Gintautas"]
[Black "Beliajeva, Olga"]
[Result "0-1"]
[WhiteElo "1716"]
[BlackElo "1950"]
[PlyCount "112"]
[EventDate "2016.01.10"]
[EventType "tourn"]
[EventRounds "11"]
[EventCountry "LTU"]
[SourceTitle "EXT 2024"]
[Source "ChessBase"]
[SourceDate "2023.10.10"]
[SourceVersion "1"]
[SourceVersionDate "2023.10.10"]
[SourceQuality "1"]

1. e4 e6 2. d4 d5 3. Nc3 dxe4 4. Nxe4 Nf6 5. Bd3 Nbd7 6. Nf3 Nxe4 7. Bxe4 Nf6 8. Bd3 c5 9. 0-0 cxd4 10. Nxd4 Be7 11. Bb5+ Bd7 12. Qe2 0-0 13. c3 Bxb5 14. Qxb5 Qd5 15. Qxd5 Nxd5 16. Re1 Rfd8 17. g3 a6 18. Kg2 Bc5 19. Nc2 Rd7 20. a3 Be7 21. Ne3 Nb6 22. a4 Rc8 23. a5 Nc4 24. Nxc4 Rxc4 25. Be3 Kf8 26. Bd4 Bf6 27. Bxf6 gxf6 28. Re3 Rd2 29. b3 Rc5 30. Rf3 Ke7 31. Ra4 Rc2 32. Rb4 Rc7 33. Rd3 Ra2 34. Rh4 Rxa5 35. Rxh7 Ra3 36. Rh8 Rxb3 37. Rdd8 f5 38. h4 Rcxc3 39. Rhe8+ Kf6 40. Rd7 Rb2 41. Ree7 Rcc2 42. Rxf7+ Ke5 43. Rxb7 Rxf2+ 44. Kg1 Rg2+ 45. Kf1 Rbf2+ 46. Ke1 Ra2 47. Kf1 Rxg3 48. Rbc7 Rh3 49. Kg1 Rxh4 50. Rc5+ Kd6 51. Rfc7 Rb4 52. Rc1 Rbb2 53. R7c6+ Kd5 54. R6c5+ Kd4 55. R5c4+ Ke5 56. Re1+ Re2 0-1

[Event "Klaipeda-ch"]
[Site "Klaipeda"]
[Date "2016.02.21"]
[Round "7"]
[White "Jablokov, Dmitrij"]
[Black "Beliajeva, Olga"]
[Result "0-1"]
[WhiteElo "1713"]
[BlackElo "1950"]
[PlyCount "56"]
[EventDate "2016.01.10"]
[EventType "tourn"]
[EventRounds "11"]
[EventCountry "LTU"]
[SourceTitle "EXT 2017"]
[Source "ChessBase"]
[SourceDate "2016.10.25"]
[SourceVersion "1"]
[SourceVersionDate "2016.10.25"]
[SourceQuality "1"]

1. d4 d5 2. c4 c6 3. e3 Nf6 4. Nf3 e6 5. Nc3 Bd6 6. Bd3 dxc4 7. Bxc4 b5 8. Bd3 a6 9. 0-0 0-0 10. e4 Be7 11. a3 a5 12. Qc2 h6 13. Be3 Ba6 14. Ne5 Nfd7 15. f4 b4 16. axb4 axb4 17. Ne2 Nxe5 18. fxe5 Bxd3 19. Qxd3 Rxa1 20. Rxa1 Nd7 21. Qc4 c5 22. Rd1 Nxe5 23. Qc1 cxd4 24. Bxd4 Qb8 25. Qf4 Bd6 26. Qh4 Rc8 27. Ng3 Ng6 28. Nh5 Nxh4 0-1

[Event "Klaipeda-ch"]
[Site "Klaipeda"]
[Date "2016.01.31"]
[Round "4"]
[White "Beliajeva, Olga"]
[Black "Ogiala, Andrius"]
[Result "1/2-1/2"]
[WhiteElo "1950"]
[BlackElo "1842"]
[PlyCount "86"]
[EventDate "2016.01.10"]
[EventType "tourn"]
[EventRounds "11"]
[EventCountry "LTU"]
[SourceTitle "EXT 2017"]
[Source "ChessBase"]
[SourceDate "2016.10.25"]
[SourceVersion "1"]
[SourceVersionDate "2016.10.25"]
[SourceQuality "1"]

1. e4 c5 2. Nf3 g6 3. g3 Bg7 4. Bg2 Nc6 5. 0-0 e5 6. c3 Nge7 7. Na3 0-0 8. d3 h6 9. Be3 b6 10. d4 exd4 11. cxd4 d5 12. dxc5 dxe4 13. Nd2 Nd5 14. Nac4 Nxe3 15. fxe3 f5 16. cxb6 axb6 17. Qb3 Be6 18. Qb5 Na5 19. Rfd1 Nxc4 20. Nxc4 Qc7 21. Bf1 Rfd8 22. a4 Bxc4 23. Bxc4+ Kh7 24. Rac1 Rxd1+ 25. Rxd1 Rd8 26. Rd5 Rxd5 27. Qxd5 h5 28. b3 Qe5 29. Qxe5 Bxe5 30. Kg2 Bd6 31. Be6 Bc5 32. Kf2 Kg7 33. Bd7 Kf6 34. Be8 Bd6 35. Kg2 Bc5 36. Kf2 Kg5 37. Bf7 Kh6 38. Be6 Kg7 39. Bd7 Kf8 40. Be6 Ke7 41. Bc8 Kf6 42. Bd7 Bd6 43. Be8 Bc5 1/2-1/2

[Event "Klaipeda-ch"]
[Site "Klaipeda"]
[Date "2016.01.16"]
[Round "2"]
[White "Sibajeva, Marija"]
[Black "Beliajeva, Olga"]
[Result "1-0"]
[WhiteElo "1876"]
[BlackElo "1950"]
[PlyCount "67"]
[EventDate "2016.01.10"]
[EventType "tourn"]
[EventRounds "11"]
[EventCountry "LTU"]
[SourceTitle "EXT 2017"]
[Source "ChessBase"]
[SourceDate "2016.10.25"]
[SourceVersion "1"]
[SourceVersionDate "2016.10.25"]
[SourceQuality "1"]

1. e4 e6 2. b3 d5 3. Bb2 dxe4 4. Nc3 b6 5. Nxe4 Bb7 6. Bb5+ Nd7 7. Bxd7+ Qxd7 8. f3 0-0-0 9. Qe2 e5 10. 0-0-0 f6 11. d4 exd4 12. Rxd4 Qe8 13. Rxd8+ Qxd8 14. Nh3 Be7 15. Rd1 Qf8 16. Nf4 Kb8 17. Ne6 Qc8 18. Nxg7 h5 19. Ng3 Qf8 20. Ne6 Qc8 21. Nf5 Rh7 22. Kb1 Bc6 23. Ba3 Bd7 24. Nxe7 Rxe7 25. Bxe7 Nxe7 26. Nf8 Qxf8 27. Rxd7 Nc6 28. Qe4 Kb7 29. Qc4 f5 30. Qf4 Qc8 31. Qxf5 Qe8 32. Qd5 Qe1+ 33. Kb2 a5 34. Qd6 1-0

[Event "Klaipeda-ch"]
[Site "Klaipeda"]
[Date "2016.01.10"]
[Round "1"]
[White "Beliajeva, Olga"]
[Black "Drozdov, Sergej"]
[Result "1-0"]
[WhiteElo "1950"]
[BlackElo "2243"]
[PlyCount "97"]
[EventDate "2016.01.10"]
[EventType "tourn"]
[EventRounds "11"]
[EventCountry "LTU"]
[SourceTitle "EXT 2017"]
[Source "ChessBase"]
[SourceDate "2016.10.25"]
[SourceVersion "1"]
[SourceVersionDate "2016.10.25"]
[SourceQuality "1"]

1. e4 e5 2. Nf3 Nc6 3. Bb5 d6 4. c3 Bd7 5. 0-0 Nf6 6. Re1 a6 7. Ba4 Be7 8. d4 0-0 9. Nbd2 b5 10. Bc2 Re8 11. Nf1 Bf8 12. Ng3 g6 13. Be3 Bg7 14. h3 Qc8 15. a3 Na5 16. dxe5 dxe5 17. b4 Nc4 18. Bc5 Bh6 19. Nf1 Bc6 20. Qe2 Qb7 21. Bd3 Nd6 22. N1d2 Nd7 23. Nb3 Qc8 24. Na5 Bb7 25. Bxd6 cxd6 26. Nxb7 Qxb7 27. a4 Rec8 28. axb5 Rxc3 29. bxa6 Qxb4 30. Reb1 Qc5 31. Rb7 Ra7 32. Bb5 Rxb7 33. axb7 Nb8 34. Ra8 Qc7 35. Qa2 Kg7 36. Rxb8 Rc2 37. Qxc2 Qxc2 38. Rg8+ Kxg8 39. b8Q+ Kg7 40. Qxd6 Qb1+ 41. Bf1 Qxe4 42. Qxe5+ Qxe5 43. Nxe5 Bf4 44. Nf3 Kf8 45. Bc4 Ke7 46. Kf1 h6 47. Ke2 Bd6 48. Nd4 Bc5 49. Nc6+ 1-0

[Event "LTU-chT"]
[Site "Lithuania"]
[Date "2015.03.29"]
[Round "7.5"]
[White "Zukauskas, Arnas Povilas"]
[Black "Beliajeva, Olga"]
[Result "1-0"]
[WhiteElo "1814"]
[BlackElo "1911"]
[PlyCount "33"]
[EventDate "2015.01.24"]
[EventType "team-tourn"]
[EventRounds "7"]
[EventCountry "LTU"]
[SourceTitle "EXT 2016"]
[Source "ChessBase"]
[SourceDate "2015.10.08"]
[SourceVersion "1"]
[SourceVersionDate "2015.10.08"]
[SourceQuality "1"]
[WhiteTeam "Marijampole Mantinga"]
[BlackTeam "Klaipeda Bokstas"]
[WhiteTeamCountry "LTU"]
[BlackTeamCountry "LTU"]

1. Nf3 Nf6 2. g3 g6 3. Bg2 Bg7 4. 0-0 0-0 5. c4 c5 6. Nc3 Nc6 7. b3 b6 8. Bb2 Bb7 9. e3 d5 10. Nxd5 Nxd5 11. Bxg7 Nxe3 12. fxe3 Kxg7 13. d4 Qd6 14. Qd2 Rad8 15. d5 Nb8 16. Qc3+ Qf6 17. Ne5 1-0

[Event "LTU-chT"]
[Site "Lithuania"]
[Date "2015.03.28"]
[Round "6.5"]
[White "Beliajeva, Olga"]
[Black "Kalinauskas, Rolandas"]
[Result "0-1"]
[WhiteElo "1911"]
[BlackElo "1943"]
[PlyCount "100"]
[EventDate "2015.01.24"]
[EventType "team-tourn"]
[EventRounds "7"]
[EventCountry "LTU"]
[SourceTitle "EXT 2016"]
[Source "ChessBase"]
[SourceDate "2015.10.08"]
[SourceVersion "1"]
[SourceVersionDate "2015.10.08"]
[SourceQuality "1"]
[WhiteTeam "Klaipeda Bokstas"]
[BlackTeam "Marijampole Suduva"]
[WhiteTeamCountry "LTU"]
[BlackTeamCountry "LTU"]

1. e4 d6 2. d4 Nf6 3. Bd3 g6 4. f3 c6 5. Nc3 b5 6. Be3 Bg7 7. Qd2 h5 8. Nge2 Nbd7 9. 0-0 Nb6 10. b3 Bb7 11. Rae1 0-0 12. Bh6 Qc7 13. Bxg7 Kxg7 14. Ng3 e5 15. Qg5 Nh7 16. Qd2 exd4 17. Nce2 c5 18. Bxb5 h4 19. Nh1 a6 20. Bd3 d5 21. exd5 Nxd5 22. c3 Rad8 23. cxd4 cxd4 24. Rc1 Qe5 25. Be4 Nhf6 26. Nf2 Nxe4 27. Nxe4 Ne3 28. Rfe1 Bxe4 29. fxe4 Qxe4 30. Nxd4 Qxg2+ 31. Qxg2 Nxg2 32. Re4 h3 33. Rc3 Rh8 34. Nf3 Rd1+ 35. Kf2 Rh5 36. Ra4 a5 37. Rg4 Ra1 38. Rc2 Rf5 39. Rd2 Rc1 40. Rc4 Rxc4 41. bxc4 Nh4 42. Rd3 Rxf3+ 43. Rxf3 Nxf3 44. Kxf3 Kf6 45. Ke4 Ke6 46. c5 f5+ 47. Kf4 Kd5 48. Kg3 Kxc5 49. Kxh3 g5 50. Kg3 Kb4 0-1

[Event "Klaipeda-ch"]
[Site "Klaipeda"]
[Date "2015.03.08"]
[Round "9"]
[White "Galuscak, Viktoras"]
[Black "Beliajeva, Olga"]
[Result "0-1"]
[WhiteElo "1833"]
[BlackElo "1911"]
[PlyCount "62"]
[EventDate "2015.01.11"]
[EventType "tourn"]
[EventRounds "11"]
[EventCountry "LTU"]
[SourceTitle "EXT 2018"]
[Source "ChessBase"]
[SourceDate "2017.10.13"]
[SourceVersion "1"]
[SourceVersionDate "2017.10.13"]
[SourceQuality "1"]

1. c4 Nf6 2. g3 g6 3. Bg2 Bg7 4. Nc3 c6 5. e4 e5 6. Nge2 0-0 7. 0-0 Na6 8. d3 Nc7 9. Qb3 b6 10. f4 exf4 11. Bxf4 Nfe8 12. e5 g5 13. Be3 Bxe5 14. Ne4 h6 15. d4 Bg7 16. d5 Bb7 17. Rf5 Qe7 18. Raf1 cxd5 19. cxd5 Nxd5 20. Rxd5 Nc7 21. Rdf5 Bxe4 22. Bxe4 Qxe4 23. Rxf7 Nd5 24. Rxg7+ Kxg7 25. Bd4+ Kh7 26. Rf2 Rxf2 27. Kxf2 Rf8+ 28. Ke1 Re8 29. Qc4 Re7 30. Kd2 Ne3 31. Bf6 Nxc4+ 0-1

[Event "Klaipeda-ch"]
[Site "Klaipeda"]
[Date "2015.02.22"]
[Round "8"]
[White "Beliajeva, Olga"]
[Black "Sibajeva, Marija"]
[Result "1/2-1/2"]
[WhiteElo "1911"]
[BlackElo "1871"]
[PlyCount "56"]
[EventDate "2015.01.11"]
[EventType "tourn"]
[EventRounds "11"]
[EventCountry "LTU"]
[SourceTitle "EXT 2018"]
[Source "ChessBase"]
[SourceDate "2017.10.13"]
[SourceVersion "1"]
[SourceVersionDate "2017.10.13"]
[SourceQuality "1"]

1. e4 c5 2. Nf3 d6 3. g3 g6 4. Bg2 Bg7 5. 0-0 Nf6 6. Re1 0-0 7. d4 cxd4 8. Nxd4 Qb6 9. c3 Nc6 10. Na3 Bg4 11. Qb3 Qxb3 12. Nxb3 Ne5 13. Re3 Rac8 14. Nd4 Rfd8 15. Bd2 Nc4 16. Nxc4 Rxc4 17. Rae1 e5 18. Nc2 d5 19. h3 dxe4 20. hxg4 Rxd2 21. Na3 Ra4 22. g5 Ng4 23. Rxe4 Rxe4 24. Rxe4 Nxf2 25. Rb4 b6 26. Nc4 Rc2 27. Na3 Rd2 28. Nc4 Rc2 1/2-1/2

[Event "Klaipeda-ch"]
[Site "Klaipeda"]
[Date "2015.02.01"]
[Round "4"]
[White "Beliajeva, Olga"]
[Black "Buivydas, Skirmantas"]
[Result "1/2-1/2"]
[WhiteElo "1911"]
[BlackElo "1765"]
[PlyCount "49"]
[EventDate "2015.01.11"]
[EventType "tourn"]
[EventRounds "11"]
[EventCountry "LTU"]
[SourceTitle "EXT 2018"]
[Source "ChessBase"]
[SourceDate "2017.10.13"]
[SourceVersion "1"]
[SourceVersionDate "2017.10.13"]
[SourceQuality "1"]

1. e4 e5 2. Nf3 Nc6 3. Nc3 Nf6 4. d4 exd4 5. Nxd4 Bb4 6. Nxc6 bxc6 7. Bd3 0-0 8. 0-0 h6 9. Ne2 Re8 10. Ng3 d5 11. exd5 cxd5 12. c3 Bf8 13. Nf5 Ne4 14. Ne3 c6 15. Qc2 Bd6 16. g3 Re5 17. Ng2 Bh3 18. Bf4 Re7 19. Rfe1 Nf6 20. Bxd6 Qxd6 21. Rxe7 Qxe7 22. Re1 Qd6 23. Nf4 Bg4 24. Bf5 Bxf5 25. Qxf5 1/2-1/2

[Event "LTU-chT"]
[Site "Lithuania"]
[Date "2015.01.24"]
[Round "1.5"]
[White "Beliajeva, Olga"]
[Black "Makackas, Povilas"]
[Result "1-0"]
[WhiteElo "1911"]
[BlackElo "1569"]
[PlyCount "73"]
[EventDate "2015.01.24"]
[EventType "team-tourn"]
[EventRounds "7"]
[EventCountry "LTU"]
[SourceTitle "CBM 164 Extra"]
[Source "ChessBase"]
[SourceDate "2015.03.02"]
[SourceVersion "1"]
[SourceVersionDate "2015.03.02"]
[SourceQuality "1"]
[WhiteTeam "Klaipeda Bokstas"]
[BlackTeam "Kaunas Milsa"]
[WhiteTeamCountry "LTU"]
[BlackTeamCountry "LTU"]

1. e4 c6 2. d4 d5 3. Nc3 a6 4. Nf3 Bg4 5. Be2 e6 6. 0-0 Nf6 7. e5 Nfd7 8. Ng5 Bxe2 9. Qxe2 Be7 10. f4 Bxg5 11. fxg5 c5 12. Qh5 g6 13. Qf3 Qe7 14. dxc5 Nc6 15. Bf4 Nxc5 16. a3 Rc8 17. Rae1 b5 18. b4 Nd7 19. Qd3 Nb6 20. Nd1 Nc4 21. Nf2 Qa7 22. Kh1 Qd4 23. Qg3 Qb2 24. Bc1 Qxc2 25. Ng4 Nd4 26. Nf6+ Kd8 27. Qf4 Ne2 28. Qf2 Nxe5 29. Rxe2 Qxc1 30. Rxc1 Rxc1+ 31. Re1 Nd3 32. Qb6+ Rc7 33. Re2 Kc8 34. Qxa6+ Kd8 35. Qd6+ Kc8 36. h3 Kb7 37. Nxd5 1-0

[Event "Klaipeda-ch"]
[Site "Klaipeda"]
[Date "2015.01.18"]
[Round "3"]
[White "Barsciauskas, Gintautas"]
[Black "Beliajeva, Olga"]
[Result "0-1"]
[WhiteElo "1725"]
[BlackElo "1911"]
[PlyCount "102"]
[EventDate "2015.01.11"]
[EventType "tourn"]
[EventRounds "11"]
[EventCountry "LTU"]
[SourceTitle "EXT 2018"]
[Source "ChessBase"]
[SourceDate "2017.10.13"]
[SourceVersion "1"]
[SourceVersionDate "2017.10.13"]
[SourceQuality "1"]

1. e4 e6 2. d3 d5 3. Nd2 c5 4. Ngf3 Nc6 5. Be2 Bd6 6. 0-0 Nf6 7. c3 0-0 8. Qc2 e5 9. Re1 Be6 10. Nf1 h6 11. Ng3 Qd7 12. Nh4 Ne7 13. c4 d4 14. Rf1 Nh7 15. Bd2 g5 16. Nf3 Ng6 17. Rfe1 Nf4 18. Bxf4 exf4 19. Nh1 f6 20. Nd2 g4 21. f3 g3 22. Nf1 Qg7 23. Bd1 h5 24. hxg3 fxg3 25. Qd2 Qc7 26. Qh6 Bf7 27. e5 Bxe5 28. Rxe5 Qxe5 29. f4 Qf5 30. Be2 Qg6 31. Qxg6+ Bxg6 32. Nhxg3 h4 33. Ne4 Bxe4 34. dxe4 Rfe8 35. Bd3 Nf8 36. Nd2 Ng6 37. Rf1 Kg7 38. Kh2 Rh8 39. Kh3 a6 40. a3 Rab8 41. a4 Rbg8 42. Rf2 Kf7 43. Nf1 Rg7 44. b3 Rhg8 45. Rf3 Ne7 46. g3 hxg3 47. Rxg3 Rh8+ 48. Kg2 Ng6 49. Kf3 Rh4 50. Rxg6 Rxg6 51. e5 Rh3+ 0-1

[Event "Klaipeda-ch"]
[Site "Klaipeda"]
[Date "2015.01.11"]
[Round "1"]
[White "Armonaitis, Silvestras"]
[Black "Beliajeva, Olga"]
[Result "0-1"]
[WhiteElo "2089"]
[BlackElo "1911"]
[PlyCount "78"]
[EventDate "2015.01.11"]
[EventType "tourn"]
[EventRounds "11"]
[EventCountry "LTU"]
[SourceTitle "EXT 2018"]
[Source "ChessBase"]
[SourceDate "2017.10.13"]
[SourceVersion "1"]
[SourceVersionDate "2017.10.13"]
[SourceQuality "1"]

1. e4 e6 2. f4 d5 3. e5 Be7 4. Nf3 b6 5. c3 Qd7 6. d4 h5 7. a4 a5 8. Na3 Nh6 9. Bd3 Ba6 10. b3 Nf5 11. 0-0 0-0 12. Bxa6 Nxa6 13. Ng5 g6 14. g4 hxg4 15. Qxg4 Kg7 16. Nc2 c5 17. Kh1 Rh8 18. Ne3 cxd4 19. cxd4 Nb4 20. Nxf5+ exf5 21. Qg2 Bxg5 22. fxg5 Rac8 23. Bf4 Rh5 24. Bg3 Nc2 25. e6 fxe6 26. Rac1 Ne3 27. Rxc8 Qxc8 28. Qf2 Nxf1 29. Qxf1 Rxg5 30. Qf4 Rg4 31. Qe5+ Kf7 32. Bf4 Qc2 33. Bg3 Qe4+ 34. Qxe4 Rxe4 35. Bc7 Rxd4 36. Bxb6 Rb4 37. Bxa5 Rxb3 38. Bc7 Ra3 39. a5 Ra2 0-1

[Event "Klaipeda Boksto op"]
[Site "Klaipeda"]
[Date "2014.05.04"]
[Round "6"]
[White "Jablokov, Dmitrij"]
[Black "Beliajeva, Olga"]
[Result "1/2-1/2"]
[WhiteElo "1487"]
[BlackElo "1895"]
[PlyCount "55"]
[EventDate "2014.04.12"]
[EventType "swiss"]
[EventRounds "9"]
[EventCountry "LTU"]
[SourceTitle "EXT 2016"]
[Source "ChessBase"]
[SourceDate "2015.10.08"]
[SourceVersion "1"]
[SourceVersionDate "2015.10.08"]
[SourceQuality "1"]

1. d4 d5 2. c4 c6 3. Nc3 Nf6 4. e3 e6 5. Nf3 Nbd7 6. Bd3 dxc4 7. Bxc4 b5 8. Bd3 a6 9. 0-0 Be7 10. Bd2 0-0 11. Rc1 c5 12. Ne4 Bb7 13. Nxf6+ Nxf6 14. Be2 Rc8 15. dxc5 Bxc5 16. Bc3 Qe7 17. Qb3 Bd5 18. Qc2 Ng4 19. Qb1 Nxe3 20. fxe3 Bxe3+ 21. Kh1 Bxf3 22. Bxf3 b4 23. Be5 Rxc1 24. Rxc1 Bxc1 25. Qxc1 Qd7 26. h3 h6 27. Qe1 a5 28. Kh2 1/2-1/2

[Event "Klaipeda Boksto op"]
[Site "Klaipeda"]
[Date "2014.04.26"]
[Round "4"]
[White "Stasius, Vidmantas"]
[Black "Beliajeva, Olga"]
[Result "1/2-1/2"]
[WhiteElo "1970"]
[BlackElo "1895"]
[PlyCount "94"]
[EventDate "2014.04.12"]
[EventType "swiss"]
[EventRounds "9"]
[EventCountry "LTU"]
[SourceTitle "EXT 2016"]
[Source "ChessBase"]
[SourceDate "2015.10.08"]
[SourceVersion "1"]
[SourceVersionDate "2015.10.08"]
[SourceQuality "1"]

1. d4 d5 2. c4 c6 3. cxd5 cxd5 4. Nc3 Nf6 5. Bf4 Nc6 6. e3 a6 7. Rc1 Bf5 8. Bd3 Bxd3 9. Qxd3 e6 10. Nge2 Be7 11. 0-0 0-0 12. Na4 Nd7 13. Bg3 Rc8 14. f3 Qa5 15. b3 b5 16. Nc5 Nxc5 17. dxc5 Nb4 18. Qd4 Nxa2 19. Ra1 Bf6 20. Be5 Bxe5 21. Qxe5 Qd2 22. Qd4 Qxd4 23. exd4 Nb4 24. f4 Rc6 25. Rf3 Re8 26. Kf2 f6 27. Rc1 h6 28. Re3 Kf7 29. Ng1 e5 30. fxe5 fxe5 31. dxe5 Rxe5 32. Rxe5 Nd3+ 33. Ke3 Nxc1 34. b4 Na2 35. Rf5+ Rf6 36. Rxd5 Nxb4 37. Rd7+ Kg6 38. Nf3 Re6+ 39. Kd4 Kf6 40. Nd2 Nc6+ 41. Kd5 Nb4+ 42. Kd4 Nc6+ 43. Kd5 Ne7+ 44. Kd4 Nf5+ 45. Kd5 Ne3+ 46. Kd4 Nf5+ 47. Kd5 Ne7+ 1/2-1/2

[Event "Klaipeda Boksto op"]
[Site "Klaipeda"]
[Date "2014.04.20"]
[Round "3"]
[White "Beliajeva, Olga"]
[Black "Jankus, Giedrius"]
[Result "1-0"]
[WhiteElo "1895"]
[BlackElo "1823"]
[PlyCount "87"]
[EventDate "2014.04.12"]
[EventType "swiss"]
[EventRounds "9"]
[EventCountry "LTU"]
[SourceTitle "EXT 2016"]
[Source "ChessBase"]
[SourceDate "2015.10.08"]
[SourceVersion "1"]
[SourceVersionDate "2015.10.08"]
[SourceQuality "1"]

1. e4 d5 2. exd5 Qxd5 3. Nc3 Qa5 4. d4 Nf6 5. Nf3 Bg4 6. h3 Bh5 7. Bd2 c6 8. g4 Bg6 9. Bc4 Qd8 10. Bb3 e6 11. Qe2 Bb4 12. 0-0-0 Qe7 13. Rhe1 Nbd7 14. d5 Nxd5 15. Nxd5 Bxd2+ 16. Qxd2 cxd5 17. Bxd5 0-0-0 18. Bb3 Qf6 19. Re3 Kb8 20. Qd6+ Ka8 21. g5 Qf5 22. Nd4 Qxg5 23. Nf3 Qf6 24. Qg3 Nc5 25. Nd2 Rd4 26. Rc3 Ne4 27. Nxe4 Rxd1+ 28. Kxd1 Bxe4 29. a3 Rd8+ 30. Kc1 a6 31. Kb1 Bc6 32. Qc7 Rd1+ 33. Ka2 Qxf2 34. Rxc6 bxc6 35. Qc8+ Ka7 36. Qc7+ Ka8 37. Ba4 Ra1+ 38. Kxa1 Qf1+ 39. Ka2 Qc4+ 40. Bb3 Qf1 41. Qxc6+ Ka7 42. Bc4 Qf4 43. Bxa6 Qb8 44. Bd3 1-0

[Event "Palanga op"]
[Site "Palanga"]
[Date "2013.06.20"]
[Round "6"]
[White "Beliajeva, Olga"]
[Black "Vaitkevicius, Paulius"]
[Result "0-1"]
[WhiteElo "1928"]
[BlackElo "1733"]
[PlyCount "92"]
[EventDate "2013.06.17"]
[EventType "swiss"]
[EventRounds "9"]
[EventCountry "LTU"]
[SourceTitle "EXT 2014"]
[Source "ChessBase"]
[SourceDate "2013.11.20"]
[SourceVersion "1"]
[SourceVersionDate "2013.11.20"]
[SourceQuality "1"]

1. e4 c5 2. Nf3 d6 3. g3 Nc6 4. Bg2 Nf6 5. d3 g6 6. 0-0 Bg7 7. c3 0-0 8. h3 Qb6 9. Na3 Nd7 10. Kh2 Qc7 11. Be3 b6 12. Nh4 Ba6 13. f4 b5 14. Rc1 Rab8 15. Rf2 b4 16. Nb1 bxc3 17. bxc3 Rb6 18. d4 Rfb8 19. e5 Na5 20. Nd2 Nc4 21. Nxc4 Bxc4 22. exd6 exd6 23. f5 Rb2 24. Rcc2 Rxc2 25. Qxc2 Re8 26. Qd2 cxd4 27. cxd4 Nf6 28. Bh6 Qe7 29. Bg5 Ne4 30. Bxe7 Nxd2 31. Bxd6 Ne4 32. Bxe4 Rxe4 33. f6 Bf8 34. Bc5 Bxc5 35. dxc5 Re5 36. Rb2 h5 37. Rb8+ Kh7 38. Rb7 Rxc5 39. Rxa7 Rc6 40. Ra4 Bd5 41. Kg1 Rxf6 42. Ng2 Rf3 43. Ra5 Be4 44. Ra7 Kh6 45. Ra4 f5 46. Kh2 Rf2 0-1

[Event "Palanga op"]
[Site "Palanga"]
[Date "2013.06.19"]
[Round "5"]
[White "Semonaviciute, Agne"]
[Black "Beliajeva, Olga"]
[Result "1/2-1/2"]
[WhiteElo "1741"]
[BlackElo "1928"]
[PlyCount "73"]
[EventDate "2013.06.17"]
[EventType "swiss"]
[EventRounds "9"]
[EventCountry "LTU"]
[SourceTitle "EXT 2014"]
[Source "ChessBase"]
[SourceDate "2013.11.20"]
[SourceVersion "1"]
[SourceVersionDate "2013.11.20"]
[SourceQuality "1"]

1. e4 e6 2. d4 d5 3. exd5 exd5 4. c4 Nf6 5. Bg5 Be7 6. Nf3 0-0 7. Nc3 Be6 8. c5 Ne4 9. Bxe7 Qxe7 10. Be2 Nxc3 11. bxc3 b6 12. cxb6 cxb6 13. 0-0 Qd6 14. Qb3 Nc6 15. Ba6 Rab8 16. a4 Bg4 17. Nd2 Rfe8 18. Rfe1 Re6 19. Rxe6 Qxe6 20. f3 Qe3+ 21. Kh1 Qxd2 22. fxg4 Na5 23. Qxd5 Qxc3 24. Rf1 Qc7 25. Bd3 g6 26. Qg5 Rd8 27. d5 Qd6 28. Be4 Re8 29. Bd3 Re5 30. Qf4 Qxd5 31. Bb5 Re7 32. Qf6 Qe6 33. Qf4 Qe4 34. Qf6 Qe5 35. Qf3 Qe3 36. Qf6 Qe5 37. Qf3 1/2-1/2